00497pab a2200145 454500008004000000100001600040245014500056260000900201300001400210362001200224650003700236650004400273650001400317773002000331180718b2003 xxu||||| |||| 00| 0 eng d aPatel, R.B. aConstitutional amendment and changing panchayati raj institutions: a study of empowerment of women and scheduled castes in Kolhapur district c2003 ap.129-45. aJan-Jun a Panchayat - India - Maharashtra aIndia - Constitution - Amendment - 73rd aPanchayat aIASSI Quarterly